| 000 | 00445nam a22001577a 4500 | ||
|---|---|---|---|
| 003 | OSt | ||
| 005 | 20260213112329.0 | ||
| 008 | 260213b |||||||| |||| 00| 0 eng d | ||
| 020 | _a0078458137 | ||
| 040 | _cMcGraw- Hill education | ||
| 050 |
_aQD 31.3 .P45 2002 _b.P45 2002 |
||
| 245 |
_aCHEMISTRY: _bCONCEPTS AND APPLICATIONS/ _cJOHN S. PHILIPS |
||
| 250 | _a1st edition | ||
| 260 |
_aColumbus: _bMcGraw-Hill , _c2002 |
||
| 942 |
_2lcc _cBK _e1st ed. _n0 |
||
| 999 |
_c9968 _d9968 |
||